| 000 | 01086nam a2200277 i 4500 | ||
|---|---|---|---|
| 001 | 000020386 | ||
| 003 | DO-SdBNP | ||
| 005 | 20250702072227.0 | ||
| 007 | ta | ||
| 008 | 100806s2002 dr 000 0 spa d | ||
| 040 |
_aDO-SdBNP _bspa _cBNPHU _erda |
||
| 082 | 4 |
_222 _axxx _bxxx |
|
| 245 | 0 | 0 |
_aTrata de personas y migración internacional femenina : _bun estudio cualitativo en dos comunidades de República Dominicana / _cFrancia Ferreira, Carmen Julia Gómez, Luis Moreno y Alina Fernández |
| 264 | 1 |
_aSanto Domingo : _bOrganización Internacional para las Migraciones, _c2002. |
|
| 300 |
_a60 páginas ; _c24 cm. |
||
| 336 |
_atexto _btxt _2rdacontent |
||
| 337 |
_asin mediación _bn _2rdamedia |
||
| 338 |
_avolumen _bnc _2rdacarrier |
||
| 500 | _aIncluye referencias bibliográficas y notas al pie de las páginas | ||
| 504 | _aBibliografía : páginas 59-60 | ||
| 590 | _aInventariado, 2025/BT | ||
| 700 | 1 |
_aGómez, Carmen Julia, _4aut. _eautor _92077 |
|
| 700 | 1 |
_aMoreno, Luis, _eautor _4aut. _943052 |
|
| 700 | 1 |
_aFernández, Alina, _eautor _4aut. _943053 |
|
| 942 |
_2ddc _cLBS1 |
||
| 999 |
_c19890 _d19890 |
||